| 000 | 00497nam a2200205 a 4500 | ||
|---|---|---|---|
| 999 |
_c4473 _d4473 |
||
| 001 | 4473 | ||
| 003 | BD-JhCC | ||
| 005 | 20171127192454.0 | ||
| 008 | 171123s uk |||| ||a| 000 0 eng d | ||
| 035 | _a(BD-JhCC) | ||
| 040 |
_aBD-JhCC _dBD-JhCC |
||
| 041 | _aeng | ||
| 082 |
_a822.33 _bBUN |
||
| 100 | _aBunyan, John | ||
| 245 |
_aPilgrim's Progress / _cJohn Bunyan |
||
| 260 |
_aLondon : _bOxford University Press , |
||
| 300 |
_a47 p .: _c18 cm . |
||
| 650 | _aEnglish Drama | ||
| 942 |
_2ddc _cBK |
||